00558cam a2200181 a 450000100100000000500170001000800410002704000290006808200190009710000300011624500470014626000340019330000320022749000240025950400340028365000350031748300240035200001427120200929163542.0780712s1951 fr b 000 0 fre d aDO-SdBNPbengcLCdBNPHU a324.244bD985p1 aDuverger, Maurice,d1917-14aLes partis politiques /cMaurice Duverger. aParis :bArmand Colin,c1951. axi, 476 p. :bil. ;c21 cm.1 aSciences Politiques aBibliografía: p. [469]-472. 4aPartídospolíticoszFrancia 0aSciences Politiques